00922nam a2200217 a 450000100060000000300090000600800410001504000280005608200180008410000290010224500970013126000480022830000110027659000860028765000520037365000530042565000440047894200120052299900170053495201530055115944CO-ViMGA141112s2004 ck r 000 u spa d aCO-ViMGAbspacCO-ViMGA04a868.998 M178m1 aMarún, Gioconda92288810aEl modernismo Argentino incógnito en la ondina del plata y revista literaria (1875 - 1880) aBogotá, cInstituto Caro y Cuervo, c1993 a212.p. aForma de adquisición : Donación Biblioteca Nacional 2003 - - Precio : 10.00014aLA ONDINA DEL PLATA - HISTORIA Y CRITICA92288914aLITERATURA ARGENTINA - HISTORIA Y CRITICA95285114aMODERNISMO LITERARIO - ARGENTINA922890 2ddccBK c25941d25941 00102ddc40708003aMEVIECARbMEVIECARd2015-12-04hVolumen. 1 | 11/jun/2009l0o868.998 M178m p15944r2015-12-04 00:00:00tEj. 1w2015-12-04yBK